Jean-Michel Apeuprè des départements français - Statistiques

Statistiques générales
  • Ce quiz a été pris 48 fois
  • Le résultat moyen est 23 sur 40
Statistiques - réponses
Hint Réponse % Correct
Pays de Gandhi Indre
93%
Un nombre premier est toujours divisible par lui-même et par... Ain
90%
Demain dès l'....... (Victor Hugo) Aube
90%
Au nombre de 4 au Monopoly Gard
78%
Daniel Balavoine dit qu'il ne l'est pas Hérault
78%
Calculée en fin de trimestre scolaire Mayenne
78%
S'opposèrent à l'Axe Allier
76%
Résultat d'une addition Somme
76%
Nala, la copine de Simba Yonne
76%
Sport de rames Aveyron
73%
Dépend du fuseau Eure
73%
Comme les lèvres en hiver Gers
73%
Jean-Paul le philosophe Sarthe
73%
Film de Mathieu Kassovitz Aisne
71%
Verbe "faire" en anglais Doubs
71%
Technologie utilisée au foot Var
71%
Vous "vendre" Vendée
68%
Division administrative allemande Landes
66%
Autre nom du "set" au tennis Manche
66%
Maillot au féminin Mayotte
66%
100 kg Cantal
61%
Il hiberne 7 mois par an Loire
59%
Chanteuse de "Believe" en 1998 Cher
54%
Tu vois, le monde se divise en deux catégories, ceux qui ont un pistolet chargé et ceux qui... Creuse
54%
Débute au PMU Paris
54%
Prénom d'une emblématique présentatrice météo française Yvelines
54%
"Ni" en anglais Nord
49%
Embellit, décore Orne
49%
Oiseau sans "os" Oise
46%
Aussi appelée baudroie Lot
44%
Dans le titre de l'hymne européen Aude
41%
Dans la dernière phrase de la fable "Le Corbeau et le Renard" Jura
39%
Un aphone l'a perdue Savoie
39%
Marque de chocolat Côte-d'or
37%
Surnommée la ville des rêves grâce à Freud Vienne
37%
"Tête" de camélidé Drôme
29%
Elle est laid Ille-et-Vilaine
29%
Femme bien en chair Gironde
22%
Roche argilo-calcaire Marne
20%
Rassemblement de personnes Réunion
20%
Aucun quiz correspondant
Distribution des résultats
% des personnes avec chaque résultat
Percentile par nombre de réponses
Votre historique - résultats
Vous n’avez pas pris ce quiz